Normal view MARC view
  • Dorling Kindersley Publishing, Inc

Entry Corporate Name

Number of records used in: 1

001 - CONTROL NUMBER

  • control field: 47423

003 - CONTROL NUMBER IDENTIFIER

  • control field: NUST

005 - DATE AND TIME OF LATEST TRANSACTION

  • control field: 20210314133823.0

008 - FIXED-LENGTH DATA ELEMENTS

  • fixed length control field: 210314|| aca||aabn | a|a d

040 ## - CATALOGING SOURCE

  • Original cataloging agency: NUST
  • Transcribing agency: NUST

110 ## - HEADING--CORPORATE NAME

  • Corporate name or jurisdiction name as entry element: Dorling Kindersley Publishing, Inc

670 ## - SOURCE DATA FOUND

  • Source citation: Work cat.: (NUST): Dorling Kindersley Publishing, Inc., The Dorling Kindersley world reference atlas., c1996.
© 2023 Central Library, National University of Sciences and Technology. All Rights Reserved.